000
00267nam a22001097a 4500
008
170117b xxu||||| |||| 00| 0 eng d
020
_a
9780781748384
041
_a
eng
080
_2
3RD
_a
618.2
245
_a
CLINICAL CALCULATIONS MADE EASY
_c
CRAIG, G.P
942
_2
udc
_c
BK
999
_c
3008
_d
3008